01223nab a22002297a 4500999001500000003000400015005001700019008004100036040000700077100003500084245007600119260007200195300001200267500007100279505032400350505008900674650002300763650004600786650002300832773012500855942001300980 c6083d6083OSt20260121191319.0190502c xxu||||| |||| 00| 0 spa d cPJ 96859aFabirs Erreca, Valentina10aAbuso sexual : btipo básico y agravantes /cValentina Fabirs Erreca. aCiudad Autónoma de Buenos Aires :bThomson Reuters La Ley,c2024. ap. 3-16 aValoración de la prueba en casos de abuso sexual infantil (ASI). aSumario: I. Abuso sexual simple (art. 119, primer párrafo, Cód. Penal).— II. Abuso sexual gravemente ultrajante (art. 119, segundo párrafo, Cód. Penal).— III. Abuso sexual con acceso carnal (art. 119, tercer párrafo, Cód. Penal).— IV. Valoración probatoria en casos de abuso sexual infantil (ASI).  t¿Te interesa el texto completo? Solicitalo al correo: koha@justierradelfuego.gov.ar 09343aDERECHO PENAL 092902aDELITOS CONTRA LA INTEGRIDAD SEXUAL 092903aABUSO SEXUAL0 0272993180dBuenos Aires : LexisNexis, 2006-tRevista de derecho penal y procesal penal. Nº 7 - Julio 2024z9875920622 2udccANA